000 01199nam a22003377a 4500
003 CHAP
005 20220329143437.0
008 090904s2007 mx a r 00010 spa d
010 _a96697
011 _a97669
020 _a9684846665
035 _a108339
040 _cCHAP
082 0 4 _a378.154
_bG53
110 1 _aMéxico. Gobierno del Estado
_977067
245 1 0 _aMás de 100 años de capacitación en el Estado de México
_c/por Gobierno del Estado de México
260 _aToluca, Edo. de Méx. :
_bGobierno del Estado de México,
_c2007
300 _a105 p. :
_bilus.
490 0 _aBiblioteca Mexiquense del Bicentenario.
_pColección mayor
590 _aBATCH-UPD
_b10
_c20130110
_lUCH01
_h1621
590 _aBATCH-UPD
_b10
_c20130410
_lUCH01
_h1015
590 _aBATCH-UPD
_b10
_c20130914
_lUCH01
_h0414
590 _aCONVERSION
_b10
_c20130109
_lUCH01
_h1353
650 1 4 _aArtes y oficios
_xMéxico (Edo.)
_97755
650 1 4 _aCapacitación.
_918690
650 1 4 _aEducación técnica.
_935672
830 0 _aBiblioteca Mexiquense del Bicentenario.
_pColección mayor
_912420
901 _aBK
942 _cLIBRO
949 _a378.154 G53
_bBC
_cLIBRO
_d33724002104090
_eLIBRO
_h110903
_i108339
_sb
999 _c96697
_d96697